| 000 | 00427nam a2200121Ia 4500 | ||
|---|---|---|---|
| 008 | 171212s9999 xx 000 0 und d | ||
| 020 | _a9780833092205 | ||
| 100 | _aBinnendijk, Hans | ||
| 245 |
_cBinnendijk, Hans _aFriends, Foes, and Future Directions _bU.S. Partnerships in a Turbulent World: Strategic Rethink |
||
| 260 |
_bRAND Corporation _c2016 |
||
| 650 | _aHistory | ||
| 856 | _uhttp://jstor.org/stable/10.7249/j.ctt19jcj3h | ||
| 999 |
_c352105 _d352105 |
||